| 000 | 00756nam a2200229 i 4500 | ||
|---|---|---|---|
| 001 | 8158 | ||
| 003 | ES-MaACL | ||
| 005 | 20251009063047.0 | ||
| 007 | t| | ||
| 008 | 920228s1991 sp a |||| | spa d | ||
| 020 | _a84-86290-42-2 | ||
| 080 | _a738/739(460) | ||
| 080 | _a745/749(460) | ||
| 100 | 1 |
_aGonzález-Hontoria, Guadalupe, _d1921-2014 _958718 |
|
| 245 | 1 | 3 |
_aEl arte popular en el ciclo de la vida humana : _bnacimiento, matrimonio y muerte / _cGuadalupe González-Hontoria y Allendesalazar. |
| 260 |
_aMadrid : _bTestimonio, _c1991. |
||
| 300 |
_a155 p. : _bil. ; _c24 cm. |
||
| 650 | 4 |
_aArte popular- _zEspaña. _910263 |
|
| 650 | 4 |
_aEdades de la vida- _xEn el arte. _9151268 |
|
| 852 | 4 |
_aES-MaACL _jL-15475 |
|
| 999 |
_c8158 _d8158 |
||